000 00518nam a2200181 4500
001 127318
003 ES-MaACL
005 20230906193006.0
007 t|
008 070214s1967 sp r ||||1| spa d
100 1 _aRichards, I. A.
_996919
245 1 0 _aLectura y crítica /
_cI. A. Richards ; [traducción de Helena Valentí].
250 _a1ª ed.
260 _aBarcelona :
_bSeix Barral,
_c1967.
300 _a356 p. ;
_c19 cm.
700 1 _aValentí, Helena.
_9112595
852 _aES-MaACL
_jC-33205
_bR.63385
999 _c127318
_d127318